00369nam a2200133Ia 4500008004100000040001900041041001200060082002300072245006000095260003000155300001800185650001400203850001800217131103s9999 xx 000 0 und d aLoreto College aEnglish a378/NATbLCBkB/528 aChallenges and opportunities in indian higher education aDelhibN.B.C.H.E.Ic[19?] a166p. c 22cm aEducation aLCBkB/378/NAT